| 000 | 00602nam a2200169 a 4500 | ||
|---|---|---|---|
| 008 | 120416s1961 ||||||||||||||||| || u | ||
| 020 | _a0127257020 | ||
| 050 | _aQC 39 Int | ||
| 100 | _aVon Koch, Helge | ||
| 245 | 1 | 0 | _aInstruments and measurements |
| 246 | _achemical analysis, electric quantities, nucleonics and process control | ||
| 260 |
_aNew York _bAcademic Press _c1961 |
||
| 300 | _a2v. : ill | ||
| 350 | _a0.00 | ||
| 700 | _aLjunberg, Gregory | ||
| 995 |
_D0.00 _FCBU-MAIN LIBRARY (Kitwe) _H1 _I17.75 _UDAMAGED _ZMain Library Open Access Collection |
||
| 999 |
_c47113 _d47113 |
||